Quiz sur la Chine - Statistiques

Statistiques générales
  • Ce quiz a été pris 13 532 fois
  • Le résultat moyen est 15 sur 28
Statistiques - réponses
Question Réponse % Correct
Quelle est la capitale de la Chine ? Pékin
99%
Quels sont les trois groupes principaux de langues chinoises ? Mandarin
88%
Quel est le nom chinois de cette ville ? Běijīng
84%
Quelle ancienne colonie britannique a été rétrocédée à la Chine en 1997 ? Hong Kong
84%
Quel animal mythologique est souvent utilisé pour représenter la Chine ? Dragon
83%
Qui fut le premier dirigeant de la Chine communiste ? Mao Zedong
83%
Quel est le plus grand désert de Chine ? Désert de {Gobi}
73%
Quel est le nom du palais dans lequel vivait autrefois l'Empereur de Chine ? La Cité {Interdite}
72%
Quel est le nom complet officiel de la Chine en français ? {République} {Populaire} de Chine
72%
Quel pays la Chine a-t-elle annexé en 1950 ? Tibet
66%
Quelle ancienne colonie portugaise a été rétrocédée à la Chine en 1999 ? Macao
63%
Quel est l'animal national de la Chine ? Panda Géant
62%
Quels sont les trois groupes principaux de langues chinoises ? Cantonais
61%
Quelle est la devise monétaire de la Chine ? Yuan
57%
Qui fut le philosophe le plus influent de la Chine antique ? Confucius
51%
Il y a 12 signes astrologiques dans le zodiaque chinois. Lequel vient en premier ? Rat
49%
Quelle montagne est le point culminant de la Chine ? Mont Everest
48%
Quelle place fut le théâtre de manifestations ayant mené à un massacre en 1989 ? Place {Tian'anmen}
42%
Quelles étaient les quatre « grandes inventions » de la Chine antique ? Poudre à Canon
41%
Quelle religion (ou tradition philosophique) suit les enseignements de Lao Tseu ? Taoïsme
40%
Quelles étaient les quatre « grandes inventions » de la Chine antique ? Papier
39%
Quels sont les deux plus longs fleuves de Chine ? Fleuve Jaune
38%
Quel nom désigne, historiquement, l'extrême nord-est de la Chine ? Mandchourie
34%
Quels sont les deux plus longs fleuves de Chine ? Yangzi Jiang
31%
Quelles étaient les quatre « grandes inventions » de la Chine antique ? Imprimerie
23%
Quelle est la plus grande île de Chine ? Hainan
19%
Quelles étaient les quatre « grandes inventions » de la Chine antique ? Boussole
17%
Quels sont les trois groupes principaux de langues chinoises ? Wu
16%
Aucun quiz correspondant
Distribution des résultats
% des personnes avec chaque résultat
Percentile par nombre de réponses
Votre historique - résultats
Vous n’avez pas pris ce quiz